[Event "Parlez-vous francais?"]
[Site "SchemingMind.com"]
[Date "2018.05.23"]
[Round "-"]
[White "Stephen Woodhouse"]
[Black "frankly"]
[Result "1-0"]
[WhiteCountry "ENG"]
[BlackCountry "ENG"]
[WhiteElo "1901"]
[WhiteRD "63"]
[BlackElo "2602"]
[BlackRD "69"]
[GameID "428530"]

1. e4 e6 2. d4 d5 3. Nd2 c5 4. exd5 exd5 5. Ngf3 Nf6 6. Bb5+ Bd7 7. Bxd7+ Nbxd7 8. O-O Be7 9. dxc5 Nxc5 10. Nb3 Nce4
11. Nfd4 Nd6 12. Qf3 O-O 13. Nf5 Nxf5 14. Qxf5 a5 15. a4 Ne4 16. Be3 g6 17. Qf3 Re8 18. Rad1 Qd6 19. c3 Qc6 20. Nd2 Qxa4
21. Nxe4 dxe4 22. Qf4 Qc6 23. Bd4 Bf8 24. Rfe1 Rad8 25. h4 Re5 26. Qxe5 f6 27. Qxf6 Qxf6 28. Bxf6 Rxd1 29. Rxd1 Kf7 30. Bd8 a4
31. Rd4 a3 32. bxa3 Bxa3 33. Rxe4 Bf8 34. Kf1 Bd6 35. Ke2
1-0

[Event "Parlez-vous francais?"]
[Site "SchemingMind.com"]
[Date "2018.05.23"]
[Round "-"]
[White "frankly"]
[Black "Stephen Woodhouse"]
[Result "1-0"]
[WhiteCountry "ENG"]
[BlackCountry "ENG"]
[WhiteElo "2607"]
[WhiteRD "70"]
[BlackElo "1877"]
[BlackRD "65"]
[GameID "428531"]

1. e4 e6 2. d4 d5 3. Nc3 Nf6 4. e5 Nfd7 5. f4 c5 6. Be3 cxd4 7. Qxd4 Nc6 8. Qd2 a6 9. Nf3 Bc5 10. Bxc5 Nxc5
11. a3 b5 12. b4 Nd7 13. Bd3 Nb6 14. O-O O-O 15. Bxh7+ Kxh7 16. Ng5+ Kg8 17. Qd3 g6 18. Qh3
1-0

[Event "Parlez-vous francais?"]
[Site "SchemingMind.com"]
[Date "2018.06.05"]
[Round "-"]
[White "Stephen Woodhouse"]
[Black "jolasebabes"]
[Result "1/2-1/2"]
[WhiteCountry "ENG"]
[BlackCountry "POR"]
[WhiteElo "1877"]
[WhiteRD "65"]
[BlackElo "1975"]
[BlackRD "97"]
[GameID "429017"]

1. e4 e6 2. d4 d5 3. Nd2 dxe4 4. Nxe4 Nd7 5. Bd3 Ngf6 6. Qe2 c5 7. dxc5 Nxc5 8. Nxc5 Bxc5 9. Be3 Qb6 10. Bxc5 Qxc5
11. Nf3 Qa5+ 12. Qd2 Qxd2+ 13. Kxd2 Bd7 14. Ne5 Ke7 15. Rad1 h6 16. Rhe1 Rhd8 17. Kc1 Rac8 18. f4 Nd5 19. g3 f6 20. Nxd7 Rxd7
21. Bf5 Nc7 22. Be4 Rxd1+ 23. Rxd1 b6 24. Bb7 Rd8 25. Rxd8 Kxd8 26. Kd2 Kd7 27. c4 Kd6 28. b4 g6 29. Kd3 e5 30. fxe5+ Kxe5
31. Be4 f5 32. Bg2 g5 33. c5 b5 34. Ke3 Nd5+ 35. Bxd5 Kxd5 36. Kf3 Ke5=
1/2-1/2

[Event "Parlez-vous francais?"]
[Site "SchemingMind.com"]
[Date "2018.06.05"]
[Round "-"]
[White "jolasebabes"]
[Black "Stephen Woodhouse"]
[Result "1-0"]
[WhiteCountry "POR"]
[BlackCountry "ENG"]
[WhiteElo "1975"]
[WhiteRD "97"]
[BlackElo "1877"]
[BlackRD "65"]
[GameID "429018"]

1. e4 e6 2. d4 d5 3. Nc3 Nf6 4. e5 Nfd7 5. f4 c5 6. Nf3 Nc6 7. Be3 a6 8. Qd2 b5 9. dxc5 Bxc5 10. Bd3 Qb6
11. Bf2 Bxf2+ 12. Qxf2 Qxf2+ 13. Kxf2 Nb4 14. Ne2 Nxd3+ 15. cxd3 Nc5 16. Ke3 Bb7 17. Ned4 Ke7 18. Rhc1 Rac8 19. b4 Nd7 20. Kd2 f6
21. Rxc8 Rxc8 22. Rc1 Rxc1 23. Kxc1 Nb8 24. Kb2 Nc6 25. Kb3 Nxd4+ 26. Nxd4 g5 27. g3 gxf4 28. gxf4 fxe5 29. fxe5 Bc8 30. Kc3 Bd7
31. Nb3 Kf7 32. Kd4 Kg6 33. Kc5 Kf5 34. Kd6 Be8 35. Nd4+ Kg4 36. Kxe6 Kh3 37. Kxd5 Kxh2 38. e6 h5 39. Ke5 Kg3 40. Nf5+ Kg4
41. d4 h4 42. Nxh4 Kxh4 43. d5 Kg5 44. d6
1-0

[Event "Parlez-vous francais?"]
[Site "SchemingMind.com"]
[Date "2018.06.08"]
[Round "-"]
[White "frankly"]
[Black "jolasebabes"]
[Result "1-0"]
[WhiteCountry "ENG"]
[BlackCountry "POR"]
[WhiteElo "2607"]
[WhiteRD "70"]
[BlackElo "1975"]
[BlackRD "97"]
[GameID "429019"]

1. e4 e6 2. d4 d5 3. Nc3 dxe4 4. Nxe4 Nd7 5. Nf3 Ngf6 6. Nxf6+ Nxf6 7. Bd3 c5 8. Be3 Qc7 9. Qe2 Be7 10. O-O-O O-O
11. dxc5 Nd5 12. Kb1 Nxe3 13. Qxe3 Qxc5 14. Qf4 Bf6 15. Rhe1 a5 16. a3 a4 17. g4 Ra5 18. h4 e5 19. Qg3 g6 20. h5 Be6
21. Nd2 Bg7 22. Ne4 Qe7 23. g5 b5 24. Qh4 Bf5 25. hxg6 Bxg6 26. Nf6+
1-0

[Event "Parlez-vous francais?"]
[Site "SchemingMind.com"]
[Date "2018.06.08"]
[Round "-"]
[White "jolasebabes"]
[Black "frankly"]
[Result "1-0"]
[WhiteCountry "POR"]
[BlackCountry "ENG"]
[WhiteElo "2101"]
[WhiteRD "78"]
[BlackElo "2583"]
[BlackRD "67"]
[GameID "429020"]

1. e4 e6 2. d4 d5 3. Nc3 Nf6 4. e5 Nbd7 5. exf6 Nxf6 6. Bg5 c5 7. Nf3 Bd7 8. Ne5 Bc6 9. Be2 Qb6 10. Nxc6 bxc6
11. Bxf6 gxf6 12. Na4 Qa5+ 13. c3 cxd4 14. Qxd4 Be7 15. O-O h5 16. b3 c5 17. Qd3 h4 18. Qb5+ Qxb5 19. Bxb5+ Kd8 20. Rfe1 Kc7
21. Rad1 Rad8 22. Be2 f5 23. Bf3 Kd6 24. Nb2 Bf6 25. Nc4+ Ke7 26. Rxd5 Rxd5 27. Bxd5 Bxc3 28. Re3 Bd4 29. Re2 Kf6 30. Bc6 Rc8
31. Bb7 Rc7 32. Ba8 e5 33. Kf1 Ke6 34. Nxe5 Bxe5 35. f4 f6 36. fxe5 fxe5 37. Rd2 Kf6 38. Bd5 e4 39. Bc4 Ke5 40. Kf2 Kf4
41. g3+ hxg3+ 42. hxg3+
1-0

[Event "Parlez-vous francais?"]
[Site "SchemingMind.com"]
[Date "2018.06.12"]
[Round "-"]
[White "Stephen Woodhouse"]
[Black "David Perna-Fraser"]
[Result "0-1"]
[WhiteCountry "ENG"]
[BlackCountry "CAN"]
[WhiteElo "1877"]
[WhiteRD "65"]
[BlackElo "2142"]
[BlackRD "73"]
[GameID "429168"]

1. e4 e6 2. d4 c5 3. c3 Qa5 4. Nf3 cxd4 5. Nxd4 a6 6. Be2 Nf6 7. Qd3 d5 8. exd5 e5 9. Nc2 Qxd5 10. Bg5 Qxg2
11. Bf3 Qxg5 12. Nd2 Bf5 13. Ne4 Nxe4 14. Bxe4 Bxe4 15. Qxe4 Nc6 16. Ne3 O-O-O 17. Ke2 Qh5+ 18. f3 Bc5 19. Nd5 f5 20. Qc4 e4
21. Raf1 exf3+ 22. Rxf3 Rhe8+ 23. Ne3 Rxe3+
0-1

[Event "Parlez-vous francais?"]
[Site "SchemingMind.com"]
[Date "2018.06.12"]
[Round "-"]
[White "David Perna-Fraser"]
[Black "Stephen Woodhouse"]
[Result "1/2-1/2"]
[WhiteCountry "CAN"]
[BlackCountry "ENG"]
[WhiteElo "2142"]
[WhiteRD "73"]
[BlackElo "1877"]
[BlackRD "65"]
[GameID "429169"]

1. e4 e6 2. d4 d5 3. Nc3 Nf6 4. e5 Nfd7 5. f4 c5 6. Be3 Nc6 7. Nf3 a6 8. Qd2 cxd4 9. Nxd4 Bc5 10. Nxc6 bxc6
11. Bxc5 Nxc5 12. b4 Nd7 13. Na4 O-O 14. Bd3 Nb6 15. Nc5 Nd7 16. a3 Nxc5 17. bxc5 a5 18. O-O Ba6 19. Bxa6 Rxa6 20. Qd3 Ra8
21. Rf3 Rb8 22. Rh3 g6 23. Rh6 f6 24. Rxg6+=
1/2-1/2

[Event "Parlez-vous francais?"]
[Site "SchemingMind.com"]
[Date "2018.06.10"]
[Round "-"]
[White "frankly"]
[Black "David Perna-Fraser"]
[Result "1-0"]
[WhiteCountry "ENG"]
[BlackCountry "CAN"]
[WhiteElo "2583"]
[WhiteRD "67"]
[BlackElo "2204"]
[BlackRD "72"]
[GameID "429170"]

1. e4 e6 2. d4 d5 3. Nc3 dxe4 4. Nxe4 Nf6 5. Nxf6+ gxf6 6. Nf3 Nc6 7. Be2 Rg8 8. Bf4 Rxg2 9. Bg3 e5 10. dxe5 Qe7
11. c3 fxe5 12. Nh4 Rxg3 13. hxg3 Bd7 14. Bg4 O-O-O 15. Bxd7+ Rxd7 16. Qg4 Kb8 17. Nf5 Qe6 18. Rxh7 Ne7 19. Ne3 f5 20. Qc4 Qg6
21. Qf7 Qxf7 22. Rxf7 Rd8 23. Rd1
1-0

[Event "Parlez-vous francais?"]
[Site "SchemingMind.com"]
[Date "2018.06.10"]
[Round "-"]
[White "David Perna-Fraser"]
[Black "frankly"]
[Result "0-1"]
[WhiteCountry "CAN"]
[BlackCountry "ENG"]
[WhiteElo "2204"]
[WhiteRD "72"]
[BlackElo "2583"]
[BlackRD "67"]
[GameID "429171"]

1. e4 e6 2. d4 c5 3. d5 exd5 4. exd5 d6 5. Nf3 Nf6 6. Nc3 Be7 7. Bc4 O-O 8. O-O Bf5 9. Re1 Re8 10. h3 h6
11. a4 Na6 12. Bb5 Bd7 13. Bxa6 bxa6 14. Bf4 Rb8 15. Qc1 Bf5 16. Nd2 Rb4 17. Bg3 Nh5 18. Bh2 Bg5 19. g4 Bxg4 20. hxg4 Rxg4+
21. Kh1 Rd4 22. Ncb1 Bf4 23. Rxe8+ Qxe8 24. Bxf4 Nxf4 25. Nf3 Qc8 26. Ne1 Qh3+
0-1

[Event "Parlez-vous francais?"]
[Site "SchemingMind.com"]
[Date "2018.06.10"]
[Round "-"]
[White "David Perna-Fraser"]
[Black "jolasebabes"]
[Result "1/2-1/2"]
[WhiteCountry "CAN"]
[BlackCountry "POR"]
[WhiteElo "2204"]
[WhiteRD "72"]
[BlackElo "2101"]
[BlackRD "78"]
[GameID "429172"]

1. e4 e6 2. d4 d5 3. exd5 exd5 4. Nf3 Nc6 5. Bd3 Bd6 6. c3 Nge7 7. b4 Bg4 8. h3 Bf5 9. Bxf5 Nxf5 10. Qe2+ Qe7
11. Qxe7+ Nfxe7 12. O-O O-O 13. a4 Rae8 14. Na3 a6 15. Nc2 Ng6 16. b5 Na5 17. Ba3 Bxa3 18. Nxa3 Re2 19. Rfe1 Rfe8 20. Kf1 Rxe1+
21. Rxe1 Rxe1+=
1/2-1/2

[Event "Parlez-vous francais?"]
[Site "SchemingMind.com"]
[Date "2018.06.12"]
[Round "-"]
[White "jolasebabes"]
[Black "David Perna-Fraser"]
[Result "1-0"]
[WhiteCountry "POR"]
[BlackCountry "CAN"]
[WhiteElo "1975"]
[WhiteRD "97"]
[BlackElo "2142"]
[BlackRD "73"]
[GameID "429173"]

1. e4 e6 2. d4 d5 3. Nc3 dxe4 4. Nxe4 Nf6 5. Nxf6+ gxf6 6. Nf3 Nc6 7. c3 Bd7 8. Bd3 Bd6 9. O-O Qe7 10. Re1 O-O-O
11. b4 Rdg8 12. b5 Nd8 13. c4 Bb4 14. Qa4 Bxe1 15. Ba3 Bxf2+ 16. Kxf2 Qe8 17. Qxa7 Nc6 18. bxc6 Bxc6 19. d5
1-0

[Event "Parlez-vous francais?"]
[Site "SchemingMind.com"]
[Date "2018.06.19"]
[Round "-"]
[White "echecs"]
[Black "Stephen Woodhouse"]
[Result "0-1"]
[WhiteCountry "ENG"]
[BlackCountry "ENG"]
[WhiteElo "1733"]
[WhiteRD "65"]
[BlackElo "1901"]
[BlackRD "63"]
[GameID "429524"]

1. e4 e6 2. d4 d5 3. Nc3 Nf6 4. Bg5 Be7 5. e5 Nfd7 6. Bxe7 Qxe7 7. Nf3 a6 8. Be2 c5 9. O-O Nc6 10. dxc5 Ndxe5
11. Nxe5 Nxe5 12. b4 Bd7 13. Qd4 Qf6 14. Qe3 O-O 15. a3 Nc6 16. Na2 Nd4 17. Rfc1 Nxe2+ 18. Qxe2 Bb5 19. Qd2 Bc4 20. Nc3 Rad8
21. Ne2 Bxe2 22. Qxe2 Rfe8 23. Re1 Qf5 24. Rad1 g6 25. g3 d4 26. Qe4 Qxe4 27. Rxe4 e5 28. Rde1 f6 29. f4 Rd5 30. Kf2 Kf7
31. Kf3 f5 32. Rxe5 Rdxe5 33. fxe5 Ke6 34. Kf4 h6 35. h4 Rg8 36. Kf3 g5 37. h5 Rd8 38. a4 Rd5 39. g4 Rxe5 40. Rxe5+ Kxe5
41. gxf5 Kxf5 42. b5 axb5 43. axb5 Ke5 44. c6 bxc6 45. b6 Kd6 46. Ke4 c5 47. Kd3 Kc6 48. c3 dxc3 49. Kxc3 Kxb6
0-1

[Event "Parlez-vous francais?"]
[Site "SchemingMind.com"]
[Date "2018.06.20"]
[Round "-"]
[White "Stephen Woodhouse"]
[Black "echecs"]
[Result "1-0"]
[WhiteCountry "ENG"]
[BlackCountry "ENG"]
[WhiteElo "1901"]
[WhiteRD "63"]
[BlackElo "1733"]
[BlackRD "65"]
[GameID "429525"]

1. e4 e6 2. d4 d5 3. Nd2 c5 4. exd5 Qxd5 5. Ngf3 cxd4 6. Bc4 Qd8 7. O-O Nc6 8. Nb3 Nf6 9. Nbxd4 Bd7 10. Nb5 Na5
11. Be2 Nd5 12. c4 Bxb5 13. cxd5 Bxe2 14. Qxe2 Qxd5 15. Rd1 Qh5 16. Bg5 Nc6 17. Qd2 Bc5 18. Qd7+ Kf8 19. Qxb7 Re8 20. Qxc6 Bb6
21. Qd6+ Kg8 22. Qd7 f6 23. Be3 Bxe3 24. fxe3 a5 25. Rac1 h6 26. Rc8 Kh7 27. Qd3+ f5 28. Rxe8 Rxe8 29. Qb5 Re7 30. Qxa5 e5
31. Qd8 Re6 32. Qd7 Qg6 33. h3 f4 34. exf4 e4 35. Ne5 Qf6 36. Qf7 Qxf7 37. Nxf7 Rf6 38. Nd6 Rxf4 39. Rd4
1-0

[Event "Parlez-vous francais?"]
[Site "SchemingMind.com"]
[Date "2018.06.19"]
[Round "-"]
[White "echecs"]
[Black "frankly"]
[Result "0-1"]
[WhiteCountry "ENG"]
[BlackCountry "ENG"]
[WhiteElo "1733"]
[WhiteRD "65"]
[BlackElo "2602"]
[BlackRD "69"]
[GameID "429526"]

1. e4 e6 2. d4 d5 3. Nc3 Bb4 4. e5 Ne7 5. a3 Bxc3+ 6. bxc3 c5 7. Nf3 Bd7 8. Be2 c4 9. Bd2 Ba4 10. O-O Nbc6
11. Qb1 Qd7 12. Bd1 Nf5 13. h3 O-O 14. g4 Nfe7 15. Nh4 f6 16. f4 fxe5 17. fxe5 Rxf1+ 18. Kxf1 Rf8+ 19. Kg2 Ng6 20. Nxg6 hxg6
21. Bf3 Qf7 22. Qd1 Bxc2 23. Qe2 b5 24. Rf1 Bd3 25. Qf2 Bxf1+ 26. Qxf1 a5 27. Qd1 b4 28. axb4 axb4 29. cxb4 Nxd4
0-1

[Event "Parlez-vous francais?"]
[Site "SchemingMind.com"]
[Date "2018.06.19"]
[Round "-"]
[White "frankly"]
[Black "echecs"]
[Result "1-0"]
[WhiteCountry "ENG"]
[BlackCountry "ENG"]
[WhiteElo "2602"]
[WhiteRD "69"]
[BlackElo "1733"]
[BlackRD "65"]
[GameID "429527"]

1. e4 e6 2. d4 d5 3. Nc3 Bb4 4. exd5 Qxd5 5. Nf3 Qd8 6. Bd2 Nf6 7. Bd3 Nc6 8. a3 Be7 9. Be3 a6 10. O-O O-O
11. Qe2 Bd7 12. Rad1 Bd6 13. Rfe1 Ne7 14. Bg5 Ng6 15. Ne5 Be7 16. h4 Bc8 17. h5 Nxe5 18. dxe5 Nd7 19. Qe4 g6 20. Bh6 Re8
21. hxg6 hxg6 22. Qg4 Kh7 23. Qf4 f5 24. exf6 Bxf6 25. Qg4 Rg8 26. Qh5 Qe8 27. Bf8#
1-0

[Event "Parlez-vous francais?"]
[Site "SchemingMind.com"]
[Date "2018.06.19"]
[Round "-"]
[White "echecs"]
[Black "David Perna-Fraser"]
[Result "1/2-1/2"]
[WhiteCountry "ENG"]
[BlackCountry "CAN"]
[WhiteElo "1835"]
[WhiteRD "62"]
[BlackElo "2181"]
[BlackRD "74"]
[GameID "429528"]

1. e4 e6 2. d4 d5 3. Nc3 dxe4 4. Nxe4 Nf6 5. Nxf6+ gxf6 6. Be3 Nc6 7. Nf3 Bd7 8. Be2 Bd6 9. Qd3 Qe7 10. a3 O-O-O
11. O-O-O Rhg8 12. g3 e5 13. Qc3 exd4 14. Nxd4 Nxd4 15. Qxd4 Bc6 16. Rhe1 b6 17. Ba6+ Kb8 18. Qc3 Qd7 19. Qxf6 Rg6 20. Qc3 Re6
21. Bd3 Be5 22. Qb4 a5 23. Qh4 Rd6 24. Qxh7 Bb5 25. Qf5 Qxf5 26. Bxf5 Rxd1+ 27. Rxd1 Bxb2+ 28. Kxb2 Rxd1 29. h4 Be2 30. Kb3 Rd5
31. g4 b5 32. h5 Rxf5 33. gxf5 Bxh5 34. f6 Bd1 35. Kc3 Kb7 36. Bd4 Kc6 37. f4 Kd5 38. Be5 c5 39. Kd2 Bg4 40. c3= a4
41. Kc2 Bf5+ 42. Kb2 Bd3 43. Bc7 Ke6 44. Be5 Be4 45. Ka2 Bc2 46. Kb2 Bb3 47. Kc1 Kd5 48. Kd2 Kc4 49. Bd6 Kd5 50. Be5 Ba2
51. Kc2 Ke6 52. Kd3 Bb1+ 53. Kd2 Kd5 54. Kc1 Bd3 55. Kb2=
1/2-1/2

[Event "Parlez-vous francais?"]
[Site "SchemingMind.com"]
[Date "2018.06.20"]
[Round "-"]
[White "David Perna-Fraser"]
[Black "echecs"]
[Result "1-0"]
[WhiteCountry "CAN"]
[BlackCountry "ENG"]
[WhiteElo "2206"]
[WhiteRD "74"]
[BlackElo "1799"]
[BlackRD "69"]
[GameID "429529"]

1. e4 e6 2. d4 d5 3. exd5 Qxd5 4. Nc3 Bb4 5. Nf3 Nf6 6. Bd2 Qd8 7. a3 Be7 8. Bd3 Nc6 9. O-O O-O 10. Bf4 a6
11. Bg3 Nh5 12. Ne5 Nxg3 13. Nxc6 bxc6 14. hxg3 Bb7 15. Ne4 Qxd4 16. Ng5 g6 17. Nf3 Qg7 18. Qe2 Bf6 19. c3 Rfd8 20. Rad1 Be7
21. Ne5 Bd6 22. Nc4 a5 23. Qf3 Bc5 24. Be4 Rxd1 25. Rxd1 Ra6 26. Rd8+ Bf8 27. Rb8 Qh6 28. Qd1 Ba8 29. Ne5 Kg7 30. f4 Bc5+
31. Kf1 Bd6 32. Qd3 Ra7 33. Nc4 Bc5 34. Qd8 Qh1+ 35. Ke2 Qg1 36. Qh8+ Kh6 37. Ne5 Qe3+ 38. Kd1 Qxg3 39. Nxf7+ Kh5 40. Qxh7+ Kg4
41. Qxg6+ Kxf4 42. Qh6+ Kxe4 43. Qxe6+ Kd3 44. Qe2#
1-0

[Event "Parlez-vous francais?"]
[Site "SchemingMind.com"]
[Date "2018.06.19"]
[Round "-"]
[White "echecs"]
[Black "jolasebabes"]
[Result "0-1"]
[WhiteCountry "ENG"]
[BlackCountry "POR"]
[WhiteElo "1733"]
[WhiteRD "65"]
[BlackElo "2011"]
[BlackRD "84"]
[GameID "429530"]

1. e4 e6 2. d4 d5 3. Nc3 Bb4 4. e5 c5 5. a3 Bxc3+ 6. bxc3 Ne7 7. Nf3 Bd7 8. Be2 Ba4 9. O-O Qc7 10. Ne1 O-O
11. Qd2 Nd7 12. Qg5 Rae8 13. Bd3 c4 14. Be2 f6 15. Qg4 fxe5 16. Qxe6+ Kh8 17. dxe5 Nxe5 18. Bh5 Bd7 19. Qxd7 Qxd7 20. Bxe8 Rxe8
21. g3 Qh3 22. Bf4 N7g6 23. Bxe5 Nxe5 24. Rd1 Ng4 25. Nf3 Rf8 26. Rfe1 h6
0-1

[Event "Parlez-vous francais?"]
[Site "SchemingMind.com"]
[Date "2018.06.19"]
[Round "-"]
[White "jolasebabes"]
[Black "echecs"]
[Result "1-0"]
[WhiteCountry "POR"]
[BlackCountry "ENG"]
[WhiteElo "2011"]
[WhiteRD "84"]
[BlackElo "1733"]
[BlackRD "65"]
[GameID "429531"]

1. e4 e6 2. d4 d5 3. Nc3 Nf6 4. e5 Nfd7 5. f4 c5 6. Nf3 cxd4 7. Nxd4 Qh4+ 8. g3 Qd8 9. Be3 Be7 10. Qd2 Nc6
11. O-O-O Nb6 12. Kb1 Bd7 13. g4 a6 14. Qf2 Nc4 15. Bxc4 Nxd4 16. Rxd4 dxc4 17. Rhd1 b5 18. Rxd7 Qxd7 19. Rxd7 Kxd7 20. Qd2+ Kc7
21. Ne4 Rhd8 22. Qa5+ Kc6 23. Qb6+ Kd7 24. Nd6 Bxd6 25. exd6 Rdc8 26. Bc5 Rab8 27. Qa7+ Kc6 28. Bb4 Ra8 29. Qxf7 a5 30. d7 Rd8
31. Qxe6+ Kc7 32. Bd6+
1-0

[Event "Parlez-vous francais?"]
[Site "SchemingMind.com"]
[Date "2018.06.24"]
[Round "-"]
[White "echecs"]
[Black "Chessibelle"]
[Result "1-0"]
[WhiteCountry "ENG"]
[BlackCountry "ENG"]
[WhiteElo "1733"]
[WhiteRD "65"]
[BlackElo "1238"]
[BlackRD "58"]
[GameID "429648"]

1. e4 e6 2. d4 d5 3. e5 g6 4. Nf3 Nc6 5. c3 Bd7 6. Be2 Bg7 7. O-O Nge7 8. Bg5 O-O 9. Nbd2 Qe8 10. Nb3 b6
11. Qd2 Nf5 12. Bd3 h6 13. Bf4 g5 14. Be3 f6 15. exf6 Rxf6 16. Qe2 Rg6 17. Bd2 Nce7 18. Ne5 Rf6 19. Bc1 Bc8 20. Nd2 c6
21. Ndf3 Qh5 22. h3 Ng6 23. Nxc6 g4 24. hxg4 Qxg4 25. Nce5 Qh5 26. Qc2 Rf8 27. Be2 Nge7 28. Nh2 Qe8 29. Nhf3 Ng6 30. Nxg6 Qxg6
31. Bb5 Bf6 32. Bf4 Bb7 33. Rfe1 Kf7 34. Bd7 Ke7 35. Bxe6 Qg4 36. Bxf5+
1-0

[Event "Parlez-vous francais?"]
[Site "SchemingMind.com"]
[Date "2018.06.24"]
[Round "-"]
[White "Chessibelle"]
[Black "echecs"]
[Result "0-1"]
[WhiteCountry "ENG"]
[BlackCountry "ENG"]
[WhiteElo "1238"]
[WhiteRD "58"]
[BlackElo "1733"]
[BlackRD "65"]
[GameID "429649"]

1. e4 e6 2. d3 d6 3. Nc3 Nf6 4. Nf3 c6 5. a3 Be7 6. b4 b5 7. Be2 a5 8. Bb2 a4 9. O-O Nbd7 10. Qd2 O-O
11. d4 Bb7 12. e5 Nd5 13. Qd3 Nf4 14. Qe4 Nxe2+ 15. Qxe2 Qb6 16. Ne4 dxe5 17. dxe5 c5 18. Nfd2 cxb4 19. axb4 Bxb4 20. Kh1 Qc6
21. c3 Be7 22. f3 Nxe5 23. Qf2 Nd3 24. Qg3 Nxb2 25. h3 Nc4 26. Qg4 Nxd2 27. Nxd2 Qxc3 28. Rad1 Bd5 29. Kh2 b4 30. Nb1 Qe5+
31. f4 Qe4 32. Rg1 a3 33. Nd2 Qc2 34. h4 b3 35. Rc1 Qxd2 36. h5 a2 37. h6 g6 38. Kh1 b2 39. Rce1 Qxe1 40. Rxe1 a1=Q
41. Qe2 b1=Q 42. Rg1 Qxg1#
0-1

[Event "Parlez-vous francais?"]
[Site "SchemingMind.com"]
[Date "2018.06.24"]
[Round "-"]
[White "Chessibelle"]
[Black "Stephen Woodhouse"]
[Result "0-1"]
[WhiteCountry "ENG"]
[BlackCountry "ENG"]
[WhiteElo "1238"]
[WhiteRD "58"]
[BlackElo "1901"]
[BlackRD "63"]
[GameID "429650"]

1. e4 e6 2. d3 d5 3. Bd2 Nf6 4. Nf3 c5 5. Nc3 Nc6 6. Be2 d4 7. Nb5 a6 8. Na3 b5 9. b4 cxb4 10. Nb1 e5
11. O-O Be7 12. Bc1 Bg4 13. a3 Qa5 14. Nbd2 bxa3 15. Nb3 Qa4 16. h3 Be6 17. Nbd2 a2 18. Bb2 Nb4 19. Ne1 Rc8 20. Rc1 O-O
21. Bf3 Rc7 22. Qe2 Rfc8 23. c3 dxc3 24. Ba1 cxd2 25. Rxc7 Rxc7 26. Qxd2 Nc2 27. Nxc2 Rxc2 28. Qe3 Bc5 29. Qg5 Bd4 30. Bxd4 Qxd4
31. Qg3 a1=Q 32. Bd1 Rc1 33. Qf3 Bb3 34. Kh2 Rxd1 35. Kg3 Rxf1 36. Kh4 Bd1 37. Qg3 Nxe4 38. Qg4 Bxg4
0-1

[Event "Parlez-vous francais?"]
[Site "SchemingMind.com"]
[Date "2018.06.24"]
[Round "-"]
[White "Stephen Woodhouse"]
[Black "Chessibelle"]
[Result "1-0"]
[WhiteCountry "ENG"]
[BlackCountry "ENG"]
[WhiteElo "1877"]
[WhiteRD "65"]
[BlackElo "1193"]
[BlackRD "58"]
[GameID "429651"]

1. e4 e6 2. d4 d5 3. Nd2 Nc6 4. c3 Bd7 5. Bd3 h6 6. Ngf3 f6 7. exd5 exd5 8. Bg6+ Ke7 9. O-O f5 10. Re1+ Be6
11. Bxf5 Kd6 12. Rxe6+ Kd7 13. Rxh6+ Ke7 14. Qe2+
1-0

[Event "Parlez-vous francais?"]
[Site "SchemingMind.com"]
[Date "2018.06.24"]
[Round "-"]
[White "Chessibelle"]
[Black "frankly"]
[Result "0-1"]
[WhiteCountry "ENG"]
[BlackCountry "ENG"]
[WhiteElo "1193"]
[WhiteRD "58"]
[BlackElo "2607"]
[BlackRD "70"]
[GameID "429652"]

1. e4 e6 2. d3 d5 3. Bd2 Nf6 4. Nf3 dxe4 5. Ng5 exd3 6. Bxd3 Nbd7 7. a3 Nc5 8. Bb5+ c6 9. Bc4 Qd4 10. Be2 h6
11. c3 Nd3+ 12. Kf1 Qxf2#
0-1

[Event "Parlez-vous francais?"]
[Site "SchemingMind.com"]
[Date "2018.06.24"]
[Round "-"]
[White "frankly"]
[Black "Chessibelle"]
[Result "1-0"]
[WhiteCountry "ENG"]
[BlackCountry "ENG"]
[WhiteElo "2607"]
[WhiteRD "70"]
[BlackElo "1193"]
[BlackRD "58"]
[GameID "429653"]

1. e4 e6 2. d4 c6 3. Nf3 Nf6 4. Bd3 Be7 5. e5 Nd5 6. c4 g6 7. cxd5 cxd5 8. Bh6 Nc6 9. Nc3 a6 10. O-O Qb6
11. Na4 Qa7 12. Rc1 b5 13. Nc5 d6 14. Nxe6 Kd7 15. Nf4 f6 16. exf6 Bxf6 17. Nxd5 Bd8 18. Re1 Qb7 19. Qe2 Re8 20. Qxe8#
1-0

[Event "Parlez-vous francais?"]
[Site "SchemingMind.com"]
[Date "2018.06.24"]
[Round "-"]
[White "Chessibelle"]
[Black "David Perna-Fraser"]
[Result "0-1"]
[WhiteCountry "ENG"]
[BlackCountry "CAN"]
[WhiteElo "1238"]
[WhiteRD "58"]
[BlackElo "2190"]
[BlackRD "73"]
[GameID "429654"]

1. e4 e6 2. d3 d5 3. Bd2 Bd6 4. Nf3 dxe4 5. dxe4 Nc6 6. Nc3 a6 7. Be2 Bd7 8. O-O Ne5 9. Bg5 Nxf3+ 10. Bxf3 Qxg5
11. g3 Bc6 12. a3 O-O-O 13. b4 Bxg3 14. Qe2 Bf4+ 15. Bg4 Nf6 16. f3 Rd2 17. Qe1 Nxg4 18. Kh1 Rxh2+ 19. Kg1 Ne3+
0-1

[Event "Parlez-vous francais?"]
[Site "SchemingMind.com"]
[Date "2018.06.24"]
[Round "-"]
[White "David Perna-Fraser"]
[Black "Chessibelle"]
[Result "1-0"]
[WhiteCountry "CAN"]
[BlackCountry "ENG"]
[WhiteElo "2190"]
[WhiteRD "73"]
[BlackElo "1238"]
[BlackRD "58"]
[GameID "429655"]

1. e4 e6 2. d4 d5 3. Nc3 Nc6 4. Nf3 Nf6 5. e5 h6 6. exf6 Qxf6 7. Be3 g5 8. Nb5 Qd8 9. a3 Bg7 10. Be2 O-O
11. O-O a6 12. Nc3 b5 13. b4 Bb7 14. Rb1 Ne7 15. Bd3 f6 16. Qe2 f5 17. Bd2 Ng6 18. Qxe6+ Rf7 19. Qxg6 Bc8 20. Rfe1 Bd7
21. Ne5 Rf6 22. Qh5 Be8 23. Qe2 g4 24. Bf4 h5 25. Bg5 Qd6 26. Bxf6 Qxf6 27. Nxd5 Qd6 28. Nf4 Qxd4 29. Neg6 c6 30. Ne7+ Kh7
31. Bxf5+ Kh8 32. Nfg6+ Bxg6 33. Nxg6+ Kg8 34. Qe6+ Kh7 35. Nf8+ Kh8 36. Qg6 Kg8 37. Ne6 Qf6 38. Qxg7+ Qxg7 39. Nxg7 Kxg7 40. Re6 Kf7
41. Rd1 Rg8 42. Rd7+ Kf8 43. Rxc6 Ke8 44. Rc8#
1-0

[Event "Parlez-vous francais?"]
[Site "SchemingMind.com"]
[Date "2018.06.25"]
[Round "-"]
[White "Chessibelle"]
[Black "jolasebabes"]
[Result "0-1"]
[WhiteCountry "ENG"]
[BlackCountry "POR"]
[WhiteElo "1238"]
[WhiteRD "58"]
[BlackElo "2011"]
[BlackRD "84"]
[GameID "429656"]

1. e4 e6 2. d3 d5 3. Bd2 c5 4. c4 Nc6 5. Nf3 Nf6 6. Be2 dxe4 7. Ng5 exd3 8. Bf3 Nd4 9. O-O Nc2 10. Nc3 Nxa1
11. Qxa1 Be7 12. Bd1 O-O 13. Nb5 a6 14. Bc3 axb5 15. b3 h6 16. Nh3 Ne8 17. Nf4 Bf6 18. Re1 bxc4 19. bxc4 Bxc3 20. Qxc3 Qd4
21. Qd2 Nf6 22. h3 Rd8 23. g3 Ne4 24. Qc1 Qxf2+ 25. Kh1 Nxg3#
0-1

[Event "Parlez-vous francais?"]
[Site "SchemingMind.com"]
[Date "2018.06.25"]
[Round "-"]
[White "jolasebabes"]
[Black "Chessibelle"]
[Result "1-0"]
[WhiteCountry "POR"]
[BlackCountry "ENG"]
[WhiteElo "1975"]
[WhiteRD "97"]
[BlackElo "1193"]
[BlackRD "58"]
[GameID "429657"]

1. e4 e6 2. d4 Be7 3. Nc3 d5 4. Nf3 Nf6 5. Bd3 g6 6. e5 Nfd7 7. Ne2 c6 8. Bh6 a6 9. O-O c5 10. c3 f6
11. Nf4 Nb6 12. dxc5 N6d7 13. Nxe6 Qa5 14. b4 Qa3 15. Qc2 Nc6 16. Bxg6+
1-0